| 000 | 01395nam a22003377a 4500 | ||
|---|---|---|---|
| 001 | 0147 | ||
| 003 | DO-SdBNP | ||
| 005 | 20160830115101.0 | ||
| 007 | 0147 | ||
| 008 | 2014557 2007 mx /c | ||
| 020 | _a9789708120128 | ||
| 040 |
_6BPMSU _8spa _aBPMSU _crdc |
||
| 082 |
_a395 _bV297a |
||
| 100 |
_aVargas, Gaby _d1953- |
||
| 245 |
_aEl arte de convivir en la vida cotidiana / _b _cGaby Vargas |
||
| 260 |
_aMéxico : _bPunto de lectura, _c2007 |
||
| 300 |
_a491 p. _c15 cm. |
||
| 490 |
_aPunto de lectura _v143/4 |
||
| 505 |
_aAgradecimientos-- _tIntroducción -- _tEl arte de recibir y ser recibido -- _tLa comida, el centro de reunión -- _tCómo vestir la mesa -- _tComer es un placer -- _tRecibir y presentar -- _tA la mesa -- _tEl fumador -- _tCoctel -- _tLa música -- _t¿Qué dice nuestro cuerpo?-- _tEscuchando se entiende la gente -- _tEl que mucho se despide -- _tHospitalidad de fin de semana -- _tLas fiestas de la vida -- _t¿Quieres casarte conmigo -- _tEl valor de comunicarse por escrito -- _tBibliografía -- _tÍndice |
||
| 650 | 4 | _aARTE DE VIVIR | |
| 650 | 4 | _aHABILIDADES SOCIALES | |
| 650 | 4 | _aCONDUCTA DE VIDA | |
| 650 | 4 | _aCONDUCTA HUMANA | |
| 650 | 4 | _aCORTESÍA | |
| 650 | 4 | _aETIQUETA | |
| 650 | 4 | _aSUPERACIÓN PERSONAL | |
| 650 | 4 | _aPERSONALIDAD Y CULTURA | |
| 830 |
_aPunto de lectura _v143/4 |
||
| 942 |
_2ddc _cBK |
||
| 956 |
_aVMATEO _b10 _cBPMSU _d20160824 _f0069 |
||
| 999 |
_c11224 _d11224 |
||